[Event "Cup Russia (open)"]
[Site "masterchessopen.com Novgorod (Russia)"]
[Round "1"]
[White "Iljinsky Yaroslav (RUS)"]
[Black "Sorokin Maxim (RUS)"]
[Result "0-1"]
[WhiteElo "2276"]
[BlackElo "2574"]

1.d4 Nf6 2.c4 e6 3.Nc3 Bb4 4.e3 b6 5.Ne2 Ba6 6.a3 Bxc3+ 7.Nxc3 d5 8.b3 O-O
9.Be2 c5 10.O-O Nc6 11.cxd5 Bxe2 12.Nxe2 Qxd5 13.Nc3 Qf5 14.dxc5 bxc5 15.Ra2
Rab8 16.Qc2 Rfc8 17.Na4 Qxc2 18.Rxc2 Na5 19.Rxc5 Nxb3 20.Rxc8+ Rxc8 21.Bb2 Ne4
22.Rd1 Ned2 23.g3 Rc2 24.Bc3 g5 25.h3 h5 26.g4 hxg4 27.hxg4 Kh7 28.Kg2 Kg6
29.Rh1 Ne4 30.Be1 Nf6 31.Kf3 Nxg4 32.Kxg4 Rc4+ 33.Kf3 Rxa4 34.Bb4 a5 35.Bd6
Rc4 36.Rh8 Nd2+ 37.Ke2 Ne4 38.Be7 Rc7 39.Rg8+ Kf5 40.Bd8 Rc2+ 41.Ke1 g4 42.Bh4
Ra2 43.Rh8 e5 44.Rh5+ Ke6 45.Rh6+ f6 46.Rg6 Kf5 {#R} 0-1

[Event "VK1 1999/00"]
[Site "masterchessopen.com Ruhrgebiet (Germany)"]
[Round "4"]
[White "Poschke Markus (GER)"]
[Black "Huettemann Karl-Heinz (GER)"]
[Result "1-0"]
[WhiteElo "2158"]
[BlackElo "2220"]

1.d4 Nf6 2.c4 e6 3.Nc3 Bb4 4.e3 b6 5.Ne2 Ba6 6.a3 Bxc3+ 7.Nxc3 d5 8.b4 Bxc4
9.Bxc4 dxc4 10.e4 h6 11.O-O O-O 12.Be3 c6 13.f4 Nbd7 14.Qf3 Qe7 15.Qe2 b5
16.g4 Ne8 17.g5 hxg5 18.fxg5 g6 19.Rf3 Ng7 20.Rh3 f5 21.gxf6 Qxf6 22.Qg2 Rf7
23.Rh6 Nf8 24.Rh3 Rd8 25.Ra2 Rxd4 26.Rf2 Qd8 27.Rxf7 {#r} 1-0

[Event "Memorial M.Chigorin (open)"]
[Site "masterchessopen.com St. Petersburg (Russia)"]
[Round "5"]
[White "Romanov Oleg (BLR)"]
[Black "Neverov Valeriy (UKR)"]
[Result "0-1"]
[WhiteElo "2381"]
[BlackElo "2549"]

1.d4 Nf6 2.c4 e6 3.Nc3 Bb4 4.e3 b6 5.Ne2 Ba6 6.Qa4 c5 7.a3 Bxc3+ 8.Nxc3 O-O
9.d5 exd5 10.cxd5 Bxf1 11.Kxf1 d6 12.h4 Nbd7 13.h5 h6 14.Qf4 Ne5 15.Rh3 Re8
16.e4 c4 17.Qg3 Kh8 18.Be3 Nd3 19.Bd4 Nc5 20.Rh4 Nb3 21.Rd1 Nxd4 22.Rxd4 b5
23.Nxb5 Qb6 24.a4 Re5 25.Qa3 Rae8 26.f3 c3 27.bxc3 Rd8 28.Qb4 a6 29.Na3 Qc7
30.Nc4 Rxh5 31.Rf4 Rh1+ 32.Kf2 Nh5 33.Rg4 Qe7 34.Ne3 Qe5 35.g3 Nf6 36.Rf4 Qh5
37.Rh4 Rxh4 38.gxh4 Qxh4+ 39.Kg2 Nh5 40.Ng4 Qg3+ {#R} 0-1

[Event "It (open)"]
[Site "masterchessopen.com Tampere (Finland)"]
[Round "2"]
[White "Mertanen Janne (FIN)"]
[Black "Tolonen Leo (FIN)"]
[Result "1-0"]
[WhiteElo "2184"]
[BlackElo "2328"]

1.d4 e6 2.c4 Nf6 3.Nc3 Bb4 4.e3 b6 5.Ne2 Ba6 6.a3 Bxc3+ 7.Nxc3 d5 8.b3 Nc6
9.Be2 Na5 10.b4 Bxc4 11.bxa5 Bxe2 12.Qxe2 O-O 13.O-O c5 14.axb6 axb6 15.Bb2 c4
16.e4 Ra5 17.e5 Ne8 18.a4 Nc7 19.Ba3 Re8 20.Bb4 Ra7 21.Bd6 Qd7 22.Rab1 Ra6
23.g4 Rea8 24.f4 Ne8 25.Bb4 Qd8 26.f5 Nc7 27.Qe3 Qh4 28.Qf4 R6a7 29.Bd6 h5
30.Bxc7 Rxc7 31.Rxb6 hxg4 32.fxe6 fxe6 33.Rxe6 Rb7 34.Rg6 {#r} 1-0

[Event "Ch Spain"]
[Site "masterchessopen.com Barcelona (Spain)"]
[Round "6"]
[White "Gual Pascual Antonio (ESP)"]
[Black "Arguelles Garcia Pablo (ESP)"]
[Result "1-0"]
[WhiteElo "2453"]
[BlackElo "2289"]

1.d4 Nf6 2.c4 e6 3.Nc3 Bb4 4.e3 b6 5.Ne2 Ba6 6.Ng3 Bxc3+ 7.bxc3 d5 8.Ba3 dxc4
9.Be2 Bb7 10.O-O b5 11.Rb1 a6 12.Bf3 Nd5 13.Qd2 c6 14.Ne4 Qd7 15.Nd6+ Kd8
16.e4 Nb6 17.Bh5 g6 18.Qg5+ Kc7 19.Qe5 {#r} 1-0

[Event "It (open)"]
[Site "masterchessopen.com Catalunia (Spain)"]
[Round "4"]
[White "Serrano Pertinez Miquel (ESP)"]
[Black "Beltran Rueda Santiago (ESP)"]
[Result "0-1"]
[WhiteElo "2174"]
[BlackElo "2405"]

1.c4 e6 2.d4 Nf6 3.Nc3 Bb4 4.e3 b6 5.Ne2 Ba6 6.a3 Bxc3+ 7.Nxc3 d5 8.b3 O-O
9.Bd3 Nc6 10.Bb2 Na5 11.cxd5 Bxd3 12.Qxd3 Nxb3 13.Rb1 exd5 14.O-O Re8 15.f3 c5
16.Rfe1 c4 17.Qf5 Qc8 18.Qg5 h6 19.Qg3 Qd7 20.Rbd1 b5 21.e4 a5 22.e5 Nh7
23.Ne2 b4 24.Nf4 Ra6 25.Re3 Nf8 26.Qe1 c3 27.Qe2 Rb6 28.Bc1 Ne6 29.Qa2 {#R}
0-1

[Event "It (open) \"]
[Site "masterchessopen.com Copenhagen (Denmark)"]
[Round "10"]
[White "Bekker-Jensen Simon (DEN)"]
[Black "Christensen Stefan (DEN)"]
[Result "1-0"]
[WhiteElo "2388"]
[BlackElo "2176"]

1.d4 Nf6 2.c4 e6 3.Nc3 Bb4 4.e3 b6 5.Ne2 Ba6 6.Ng3 Bxc3+ 7.bxc3 d5 8.cxd5 Bxf1
9.Kxf1 Qxd5 10.Qd3 Nc6 11.e4 Qd7 12.Bg5 h5 13.h4 Na5 14.Qf3 Nc4 15.e5 Nd5
16.Nxh5 Rg8 17.Kg1 Qb5 18.Kh2 Qb2 19.Rhc1 Rb8 20.Nf4 Qb5 21.Rab1 Qd7 22.Nh5 b5
23.Qd3 Qc6 24.a4 a6 25.Ng3 Kd7 26.Ne4 f6 27.Nc5+ Kc8 28.Qh7 Qe8 29.exf6 gxf6
30.Re1 fxg5 31.Rxe6 Qd8 32.Qf5 {#r} 1-0

[Event "Bundesliga (2nd) West 1999/00"]
[Site "masterchessopen.com Germany"]
[Round "4"]
[White "Jagodzinski Andreas (GER)"]
[Black "Gerigk Erasmus (GER)"]
[Result "0-1"]
[WhiteElo "2177"]
[BlackElo "2300"]

1.d4 Nf6 2.c4 e6 3.Nc3 Bb4 4.e3 b6 5.Ne2 Ba6 6.Ng3 Bb7 7.f3 c5 8.a3 Bxc3+
9.bxc3 d6 10.Bd3 Nc6 11.O-O Qc7 12.e4 cxd4 13.cxd4 Nxd4 14.Bb2 Qc5 15.Kh1 h5
16.Ne2 Nxe2 17.Qxe2 e5 18.f4 Nd7 19.a4 Qc7 20.c5 Nxc5 21.Bb5+ Kf8 22.fxe5 dxe5
23.Rf5 Bxe4 24.Rxe5 Qb7 25.Ba3 a6 26.Bc4 Re8 27.Bd5 Qxd5 28.Rxd5 Bxd5 29.Qxa6
Rh6 30.Kg1 Rg6 31.g3 Kg8 32.Qb5 Bc6 33.Qxb6 Nxa4 34.Qb4 Re2 35.Qb8+ Kh7 36.Bd6
Rg2+ 37.Kf1 Rxh2 38.Ra3 Rb2 39.Qc7 Rc2 40.Bf4 Bb5+ {#R} 0-1

[Event "It (open)"]
[Site "masterchessopen.com Helmondsee (Netherlands)"]
[Round "4"]
[White "Szuveges Grant (AUS)"]
[Black "Dgebuadze Alexandre (BEL)"]
[Result "0-1"]
[WhiteElo "2159"]
[BlackElo "2536"]

1.d4 e6 2.c4 Nf6 3.Nc3 Bb4 4.e3 b6 5.Ne2 Ba6 6.Ng3 O-O 7.Bd3 d5 8.cxd5 Bxd3
9.Qxd3 exd5 10.O-O Re8 11.f3 Bf8 12.Kh1 Nc6 13.Bd2 Nb4 14.Qb1 c5 15.a3 Nc6
16.Qd3 c4 17.Qc2 a6 18.Qf5 g6 19.Qg5 Bg7 20.Rad1 b5 21.Bc1 h6 22.Qh4 Na5
23.Qh3 Nb3 24.Rfe1 Rb8 25.Bd2 a5 26.Nf1 b4 27.axb4 axb4 28.Na2 Nxd2 29.Nxd2
Qa5 30.Nc1 Qa4 31.b3 Qb5 32.Nf1 Ra8 33.e4 dxe4 34.bxc4 Qxc4 35.Nd2 Qxd4
36.Ncb3 Qc3 37.fxe4 Qxh3 38.gxh3 Rad8 39.Kg2 Nh5 40.Kf3 Bc3 {#R} 0-1

[Event "Ch Israel (team)"]
[Site "masterchessopen.com Israel"]
[Round "4"]
[White "Avrukh Boris (ISR)"]
[Black "Manor Ilan (ISR)"]
[Result "1-0"]
[WhiteElo "2625"]
[BlackElo "2496"]

1.d4 Nf6 2.c4 e6 3.Nc3 Bb4 4.e3 b6 5.Ne2 Ba6 6.a3 Bxc3+ 7.Nxc3 d5 8.b3 c5 9.a4
Nc6 10.Ba3 cxd4 11.Nb5 Ne4 12.cxd5 dxe3 13.f3 Ne5 14.fxe4 Qh4+ 15.g3 Qf6
16.Nd6+ Kd8 17.Nxf7+ Ke8 18.Nd6+ Kd8 19.Nb7+ Ke8 20.Nd6+ {#r} 1-0

[Event "It (open)"]
[Site "masterchessopen.com Lenk (Switzerland)"]
[Round "1"]
[White "Waelti Thomas (SUI)"]
[Black "Gerber Richard (SUI)"]
[Result "1-0"]
[WhiteElo "1929"]
[BlackElo "2429"]

1.d4 Nf6 2.c4 e6 3.Nc3 Bb4 4.e3 b6 5.Ne2 Ba6 6.a3 Bxc3+ 7.Nxc3 d5 8.b3 O-O
9.Bd3 Nc6 10.O-O Na5 11.b4 Nxc4 12.b5 Bb7 13.e4 e5 14.Bxc4 dxc4 15.d5 a6 16.a4
axb5 17.Ba3 b4 18.Bxb4 Re8 19.Qe2 c6 20.dxc6 Bxc6 21.Rfd1 Qc8 22.f3 Bd7 23.Rd6
Re6 24.Rxe6 Bxe6 25.Nb5 Nd7 26.g3 Qc6 27.Qe3 h6 28.Kg2 Kh7 29.Nc3 f5 30.Rd1
Re8 31.Rd6 Qc7 32.Nd5 Bxd5 33.exd5 Nf6 34.Qd2 e4 35.Qf4 exf3+ 36.Kxf3 c3
37.Qxf5+ Kg8 38.Rxf6 gxf6 39.Qg6+ Qg7 40.Qxe8+ Kh7 41.Qe4+ Kg8 42.Bxc3 {#r}
1-0

[Event "It (open)"]
[Site "masterchessopen.com Malaga (Spain)"]
[Round "3"]
[White "Estremera Panos Sergio (ESP)"]
[Black "Moskalenko Viktor (UKR)"]
[Result "0-1"]
[WhiteElo "2364"]
[BlackElo "2508"]

1.d4 Nf6 2.c4 e6 3.Nc3 Bb4 4.e3 b6 5.Ne2 Ba6 6.Ng3 c5 7.Bd3 Nc6 8.O-O O-O
9.Nce2 cxd4 10.exd4 d5 11.cxd5 Bxd3 12.dxc6 Bxe2 13.Nxe2 Qc7 14.Qa4 Bd6 15.g3
Rfc8 16.Bg5 Ne4 17.Bf4 Qxc6 18.Qxc6 Rxc6 19.Rfc1 Rac8 20.Rxc6 Rxc6 21.Bxd6
Rxd6 22.Rc1 g5 23.Rc7 a5 24.f3 Nf6 25.Rb7 Nd5 26.Rb8+ Kg7 27.Rc8 Nb4 28.a3 Nc6
29.Kf2 Nxd4 30.Nc3 h6 31.b4 axb4 32.axb4 f5 33.Rb8 Nxf3 34.Kxf3 Rd3+ 35.Kf2
Rxc3 36.Rxb6 {#R} 0-1

[Event "Ch Russia (juniors) (under 16) (1/2 final)"]
[Site "masterchessopen.com Orsk (Russia)"]
[Round "0"]
[White "Tumanov Alexander (RUS)"]
[Black "Yakovlev Evgeny (RUS)"]
[Result "1-0"]
[WhiteElo "2417"]
[BlackElo "2196"]

1.d4 Nf6 2.c4 e6 3.Nc3 Bb4 4.e3 b6 5.Ne2 Ba6 6.Ng3 Bxc3+ 7.bxc3 d5 8.Ba3 dxc4
9.e4 c5 10.dxc5 Qxd1+ 11.Rxd1 Nbd7 12.cxb6 axb6 13.Bd6 O-O-O 14.Be2 Kb7 15.O-O
Rc8 16.e5 Ne8 17.Ne4 f5 18.exf6 gxf6 19.Be7 Rc7 20.Bd8 Nc5 21.Bf3 Nd3 22.Nc5+
Ka7 23.Nxa6 Rd7 24.Nb4 {#r} 1-0

[Event "Ch Peru"]
[Site "masterchessopen.com Peru"]
[Round "3"]
[White "Garcia Toledo Pedro (PER)"]
[Black "Esplana Christian (PER)"]
[Result "0-1"]
[WhiteElo "2294"]
[BlackElo "2239"]

1.d4 Nf6 2.c4 e6 3.Nc3 Bb4 4.e3 b6 5.Ne2 Ba6 6.a3 Bxc3+ 7.Nxc3 d5 8.b3 O-O
9.a4 dxc4 10.bxc4 Nc6 11.Be2 Qd7 12.O-O Rfd8 13.Bb2 Na5 14.Nb5 c6 15.Na3 c5
16.dxc5 Qe7 17.Qc2 Qxc5 18.Rfd1 Bb7 19.Rxd8+ Rxd8 20.Rd1 Rc8 21.Nb5 Qg5 22.Bf1
Bf3 23.Rd2 Nc6 24.Nd4 Ne5 25.Kh1 Be4 26.f4 Qh4 27.Qd1 Nfg4 28.Nf3 Nxf3 29.gxf3
Nf2+ 30.Rxf2 Qxf2 31.Be2 Bxf3+ 32.Bxf3 Qxb2 33.Qd7 Qc1+ 34.Kg2 Qxc4 35.Qxa7
Qc5 36.Kf2 h6 37.Be2 Rd8 38.Qa6 Rd2 39.Qb5 Qc2 40.h3 h5 41.h4 g6 42.Qa6 Qc5
43.Qa8+ Kg7 44.Qe4 Qe7 45.Ke1 Rd5 46.f5 Rxf5 47.Qd4+ Qf6 48.Qxb6 Qc3+ {#R} 0-1

[Event "Memorial A.Petrov (open)"]
[Site "masterchessopen.com St. Petersburg (Russia)"]
[Round "5"]
[White "Balashov Yuri S (RUS)"]
[Black "Belozerov Andrei (RUS)"]
[Result "1-0"]
[WhiteElo "2575"]
[BlackElo "2473"]

1.d4 Nf6 2.c4 e6 3.Nc3 Bb4 4.e3 b6 5.Ne2 Ba6 6.Ng3 O-O 7.e4 c5 8.d5 d6 9.f3
Nfd7 10.Be2 Ne5 11.Qb3 exd5 12.exd5 Qh4 13.f4 Ng4 14.Bxg4 Qxg4 15.O-O Nd7
16.Nce4 f5 17.Ng5 b5 18.Ne6 Nb6 19.Nxf8 Kxf8 20.Qc2 bxc4 21.Nxf5 Qg6 22.Rf2
Nxd5 23.Qe4 Bb7 24.Re2 Rd8 25.h3 Ba5 26.Kh2 Bc6 27.g4 h5 28.Qe6 Qxe6 29.Rxe6
Bc7 30.Bd2 hxg4 31.hxg4 Kf7 32.Rae1 Rd7 33.g5 Rd8 34.Re7+ Kf8 35.Bc3 Nxe7
36.Rxe7 Rd7 37.Bxg7+ Kg8 38.Bf6 d5 39.g6 Bxf4+ 40.Kh3 Rb7 41.Rxb7 Bxb7 42.Ne7+
{#r} 1-0

[Event "Memorial M.Chigorin (open)"]
[Site "masterchessopen.com St. Petersburg (Russia)"]
[Round "1"]
[White "Loginov Anton (RUS)"]
[Black "Sorokin Maxim (RUS)"]
[Result "0-1"]
[WhiteElo "2338"]
[BlackElo "2541"]

1.d4 Nf6 2.c4 e6 3.Nc3 Bb4 4.e3 b6 5.Ne2 Ba6 6.a3 Bxc3+ 7.Nxc3 d5 8.b3 c5
9.Be2 O-O 10.O-O cxd4 11.exd4 Nc6 12.Be3 Rc8 13.Nb5 Bxb5 14.cxb5 Ne7 15.f3 Nf5
16.Bf2 h5 17.Bd3 Qc7 18.Bxf5 exf5 19.Re1 Rfe8 20.Bh4 Qc3 21.Rb1 Nh7 22.Rxe8+
Rxe8 23.Be1 Qe3+ 24.Bf2 Qe7 25.Qe1 Qf8 26.Qb4 Qxb4 27.axb4 Rc8 28.Bg3 Ng5
29.Ra1 Ne6 30.Rxa7 Rc1+ 31.Kf2 f4 32.Bh4 g5 33.Bxg5 Nxg5 34.Rd7 Rc2+ 35.Kf1
Rd2 36.Rxd5 Ne6 {#R} 0-1

[Event "Memorial M.Chigorin (open)"]
[Site "masterchessopen.com St. Petersburg (Russia)"]
[Round "5"]
[White "Ulko Jaroslav (RUS)"]
[Black "Sorokin Maxim (RUS)"]
[Result "1-0"]
[WhiteElo "2456"]
[BlackElo "2541"]

1.d4 Nf6 2.c4 e6 3.Nc3 Bb4 4.e3 b6 5.Ne2 Ba6 6.a3 Bxc3+ 7.Nxc3 d5 8.b3 c5
9.dxc5 { N } ( 9.cxd5 { ?! } 9...Bxf1 10.Kxf1 exd5 11.Bb2 O-O { =/? Donchev -
Cordes, Hamburg 1984 } ) ( 9.a4 Nc6 ( 9...cxd4 { !? ? O-O } ) 10.Ba3 cxd4
11.Nb5 { ? Avrukh - Manor, Israel 2000 } ) ( 9.Be2 O-O 10.O-O cxd4 11.exd4 {
?/= Loginov A. - Sorokin, St. Petersburg 2000 } ) 9...bxc5 10.Be2 O-O 11.O-O
Nbd7 ( 11...Nc6 12.Na4 { !? } 12...Qe7 13.Bb2 Rfd8 14.cxd5 Bxe2 15.Qxe2 Nxd5
16.Rac1 { ? } ) 12.a4 Bb7 13.Ba3 Qb6 { ! ? ?fd8,d5-d4 } 14.Rb1 { ! } 14...Ne5
( 14...Rfd8 15.b4 { ! } ( 15.cxd5 { !? } 15...exd5 16.b4 c4 17.Qd4 Qxd4
18.exd4 { ?/= } ) 15...cxb4 16.Bxb4 { ? } ) ( 14...a5 { !? } 15.cxd5 exd5
16.Nb5 { ?/= } ) 15.cxd5 Nxd5 { ?! } ( { ? } 15...exd5 16.b4 c4 ( 16...d4 { ?
} 17.bxc5 Qc6 18.Rxb7 { ! } 18...Qxb7 19.exd4 Rfd8 20.Nb5 { ± } ) 17.Qd4 { !?
} 17...Qxd4 18.exd4 Ng6 ( 18...Nd3 19.Bxd3 cxd3 20.Rbd1 { ?/± } ( 20.Rfd1 Bc8
{ ! } ) ) 19.g3 Rfe8 20.Bf3 Ne4 21.Bxe4 dxe4 22.b5 { ? } ) 16.Nxd5 Bxd5 (
16...exd5 { ? } 17.Qc2 Rfc8 18.Rfc1 d4 19.Bxc5 Qc6 ( 19...d3 20.Bxd3 Nxd3 (
20...Rxc5 21.Bxh7+ Kh8 22.Qxc5 { +?? } ) 21.Bxb6 Rxc2 22.Rxc2 axb6 23.Rd1 Nc5
24.Rd6 { ± } ) 20.f3 dxe3 21.Qf5 { ± } ) 17.Qc2 Rfc8 18.e4 Bb7 19.Rfd1 ( { ? }
19.Rfc1 Nd7 ( 19...Rab8 20.Qc3 { ! } 20...f6 21.Qe3 c4 22.Qxb6 axb6 23.f3 cxb3
24.Rxb3 Rxc1+ 25.Bxc1 Bc6 26.a5 { ± } ) 20.Bb5 Bc6 ( 20...Nf6 21.f3 c4+ 22.Qf2
{ ± } ) 21.b4 { ! } 21...Bxb5 22.bxc5 Bxa4 { ! } 23.Qxa4 Qc7 24.c6 Nb6 25.Qb4
{ ± } ) 19...Rab8 20.Rbc1 f6 { ! } ( 20...Ba8 { ? } 21.Bxc5 Qxb3 22.Qxb3 Rxb3
23.Bxa7 { +?? } ) 21.Bb2 ( 21.Bxc5 Bxe4 { ! } 22.Qxe4 Rxc5 23.b4 Rxc1 24.Rxc1
Qxb4 25.Rc8+ Kf7 26.Rc7+ Kg8 { = } ) 21...c4 { !? } 22.Bxc4 Nxc4 23.bxc4 Bc6
24.Bd4 Qa6 { ? } ( 24...Qb4 25.Ra1 a5 { ? } ) 25.a5 { ! } 25...Rb4 26.Qc3 Qxa5
{ DA } 27.Bxf6 { ! } 27...gxf6 28.Qxf6 Re8 { ? } ( 28...Qc7 { ? } 29.Rc3 Be8 (
29...Bxe4 { ? } 30.Qxe6+ { +?? } ) 30.h4 { ! } 30...Rxc4 31.Rg3+ Bg6 32.h5 Qf7
33.Qg5 { ! } 33...Rc2 34.hxg6 hxg6 35.Qh6 { +?? } ) 29.Rd3 { ! } 29...Bxe4
30.Rd7 { ! } {#r} 1-0

[Event "Tournament (w)"]
[Site "masterchessopen.com St. Petersburg (Russia)"]
[Round "9"]
[White "Ershova Svetlana (RUS)"]
[Black "Bistrikova Elena V (RUS)"]
[Result "1-0"]
[WhiteElo "2264"]
[BlackElo "2115"]

1.d4 Nf6 2.c4 e6 3.Nc3 Bb4 4.e3 b6 5.Ne2 Ba6 6.Ng3 O-O 7.e4 d5 8.cxd5 Bxf1
9.Kxf1 exd5 10.e5 Ne8 11.Qg4 Qd7 12.Qxd7 Nxd7 13.Nxd5 c5 14.a3 {#r} 1-0

[Event "Ch Sweden (team) 1999/00"]
[Site "masterchessopen.com Sweden"]
[Round "6"]
[White "Hallerod Ralph (SWE)"]
[Black "Bjork Carl-Magnus (SWE)"]
[Result "0-1"]
[WhiteElo "2126"]
[BlackElo "2334"]

1.d4 Nf6 2.c4 e6 3.Nc3 Bb4 4.e3 b6 5.Ne2 Ba6 6.a3 Bxc3+ 7.Nxc3 d5 8.b3 O-O
9.Be2 Nc6 10.O-O dxc4 11.Bxc4 Bxc4 12.bxc4 Na5 13.Qe2 Qd7 14.Ra2 Rfc8 15.c5
bxc5 16.dxc5 Qc6 17.Qb5 Qxb5 18.Nxb5 Nb3 19.Bb2 a6 20.Nd4 Nxd4 21.Bxd4 Nd5
22.Rb2 Ne7 23.Rfb1 Nc6 24.Bc3 Rd8 25.Kf1 f6 26.Ke2 Rd5 27.Rc1 Kf7 28.Be1 e5
29.Rb7 Rd7 30.f3 Ke6 31.e4 Rad8 32.Bc3 Rb8 33.Rxb8 Nxb8 34.Ke3 Nc6 35.Rb1 Rd8
36.a4 Rb8 37.Rxb8 Nxb8 38.Kd3 Kd7 39.Kc4 Kc6 40.Bd2 Nd7 41.Be3 Nf8 42.g3 Ne6
43.f4 exf4 44.gxf4 g6 45.f5 gxf5 46.exf5 Ng7 47.Bd4 Nxf5 48.Bxf6 Ne3+ 49.Kb4
Nd5+ {#R} 0-1

[Event "Ch Belgium (team) 2000/01"]
[Site "masterchessopen.com Belgium"]
[Round "12"]
[White "Ait Messaoud Aziz (BEL)"]
[Black "Van Heirzeele Daniel (BEL)"]
[Result "1-0"]
[WhiteElo "2175"]
[BlackElo "2223"]

1.d4 Nf6 2.c4 e6 3.Nc3 Bb4 4.e3 b6 5.Ne2 Ba6 6.a3 Bxc3+ 7.Nxc3 d5 8.Qf3 O-O
9.g4 Bb7 10.Bg2 Nbd7 11.g5 Ne4 12.Nxe4 dxe4 13.Qg4 Qe7 14.Bd2 c5 15.Bc3 Rac8
16.O-O e5 17.d5 f5 18.gxf6 Nxf6 19.Qg3 Rce8 20.Bh3 Nd7 21.Qg4 Bc8 22.Qxe4 Rf6
23.Kh1 Rh6 24.Be6+ Kh8 25.Qg2 Bb7 26.Bf5 Nf8 27.f4 Ng6 28.Bxg6 Rxg6 29.Qe4
exf4 30.Qxe7 Rxe7 31.Rxf4 h5 32.e4 Rg4 33.Rxg4 hxg4 34.Re1 a6 35.Kg2 b5 36.b3
Rf7 37.e5 Kg8 38.e6 Re7 39.Kg3 Bc8 40.Kxg4 {#r} 1-0

[Event "It (open)"]
[Site "masterchessopen.com Bizovac (Croatia)"]
[Round "3"]
[White "Begic Senad (BIH)"]
[Black "Zelcic Robert (CRO)"]
[Result "0-1"]
[WhiteElo "2342"]
[BlackElo "2547"]

1.d4 Nf6 2.c4 e6 3.Nc3 Bb4 4.e3 b6 5.Ne2 Ba6 6.a3 Bxc3+ 7.Nxc3 d5 8.b3 O-O
9.Be2 Nc6 10.O-O dxc4 11.bxc4 Na5 12.Qa4 Qd7 13.Qb4 Rac8 14.Rd1 Rfd8 15.Bb2 c6
16.Rac1 Qc7 17.Qa4 h6 18.f3 Qe7 19.Na2 c5 20.Bc3 Qd7 21.Qxd7 Rxd7 22.Bxa5 bxa5
23.Kf2 Rb8 24.Rd2 e5 25.d5 Ne8 26.Bd1 Nd6 27.Ba4 Rdb7 28.Bb5 Bxb5 29.cxb5 Rxb5
30.Nc3 Rb2 31.Rcc2 Rxc2 32.Rxc2 f5 33.Na4 c4 34.Ke2 Rb3 35.Rc3 Rb5 36.e4 g6
37.Re3 fxe4 38.fxe4 Rb1 39.Nc5 Rb2+ 40.Kd1 Rxg2 41.Nd7 c3 42.Rxc3 Nxe4 43.Rc2
{#R} 0-1

[Event "Ch Denmark (team) 2000/01"]
[Site "masterchessopen.com Denmark"]
[Round "0"]
[White "Bekker-Jensen David (DEN)"]
[Black "Larsen Mikael (DEN)"]
[Result "1-0"]
[WhiteElo "2287"]
[BlackElo "2085"]

1.d4 Nf6 2.c4 e6 3.Nc3 Bb4 4.e3 b6 5.Ne2 Ba6 6.Ng3 O-O 7.e4 d5 8.cxd5 Bxf1
9.Kxf1 exd5 10.e5 Ne8 11.Qg4 Nc6 12.h4 Kh8 13.Rh3 Ne7 14.Nce2 b5 15.a3 Ba5
16.h5 Qc8 17.Qh4 Ng8 18.Bg5 Qd7 19.Nf4 h6 20.e6 hxg5 21.Qxg5 Qd8 22.Ng6+ fxg6
23.hxg6+ Nh6 24.Rxh6+ Kg8 25.Rh8+ {#r} 1-0

[Event "Oberliga East A 2000/01"]
[Site "masterchessopen.com Germany"]
[Round "10"]
[White "Neyman Igor (GER)"]
[Black "Liebert Heinz (GER)"]
[Result "1-0"]
[WhiteElo "2217"]
[BlackElo "2307"]

1.d4 Nf6 2.c4 e6 3.Nc3 Bb4 4.e3 b6 5.Ne2 Ba6 6.a3 Bxc3+ 7.Nxc3 d5 8.b3 O-O
9.Be2 Nbd7 10.a4 Re8 11.O-O c5 12.Nb5 e5 13.dxc5 Nxc5 14.Bb2 Bxb5 15.axb5 dxc4
16.Bxc4 Qe7 17.Qc2 Nce4 18.Rfd1 Rad8 19.Ba3 Nc5 20.h3 Rxd1+ 21.Rxd1 Rd8
22.Rxd8+ Qxd8 23.Qf5 Qe8 24.Bb2 Ncd7 25.Qf3 Nc5 26.Qc6 Qb8 27.f4 Ncd7 28.g3 h6
29.Kf2 exf4 30.gxf4 Nc5 31.Bxf6 gxf6 32.b4 Ne6 33.Bxe6 fxe6 34.Qxe6+ Kg7
35.Qg4+ Kf7 36.Qd7+ Kg8 37.Qe7 Qc8 38.Qxf6 Qxh3 39.Qc6 Kf8 40.Qg2 Qd7 41.Qc6
Qd2+ 42.Kf3 Qd1+ 43.Ke4 Qb1+ 44.Ke5 {#r} 1-0

[Event "Memorial Pablo Gorbea (open)"]
[Site "masterchessopen.com Madrid (Spain)"]
[Round "7"]
[White "Ruiz Agustin (ESP)"]
[Black "Gallardo Garcia Andres (ESP)"]
[Result "1-0"]
[WhiteElo "2165"]
[BlackElo "2306"]

1.d4 Nf6 2.c4 e6 3.Nc3 Bb4 4.e3 b6 5.Ne2 Ba6 6.a3 Bxc3+ 7.Nxc3 d5 8.b3 O-O
9.Be2 Nc6 10.a4 Qd7 11.O-O Na5 12.Nb5 dxc4 13.bxc4 c6 14.Na3 Rfd8 15.Bb2 c5
16.dxc5 Qe7 17.Qc2 Qxc5 18.Nb5 Bb7 19.Ba3 Qg5 20.g3 Ne4 21.Rad1 Qg6 22.Rxd8+
Rxd8 23.Rd1 Rxd1+ 24.Qxd1 Qf6 25.f3 Ng5 26.Bb2 Qe7 27.h4 Nxc4 28.Bxc4 Nxf3+
29.Kf2 Nxh4 30.Qd6 {#r} 1-0

[Event "It (open)"]
[Site "masterchessopen.com Metz (France)"]
[Round "2"]
[White "De Lagontrie Jean (FRA)"]
[Black "Dgebuadze Alexandre (BEL)"]
[Result "0-1"]
[WhiteElo "2102"]
[BlackElo "2540"]

1.d4 Nf6 2.c4 e6 3.Nc3 Bb4 4.e3 b6 5.Ne2 Ba6 6.a3 Bxc3+ 7.Nxc3 d5 8.b3 O-O
9.Be2 Nc6 10.Bd2 e5 11.dxe5 Nxe5 12.f4 Ng6 13.O-O d4 14.exd4 Qxd4+ 15.Kh1 Rad8
16.Ra2 Rfe8 17.Qc1 Bb7 18.Bf3 Bxf3 19.Rxf3 Nh4 20.Re3 Nf5 21.Rxe8+ Rxe8 22.Qg1
Qd3 23.Be1 h5 24.Rb2 h4 25.h3 Ng3+ 26.Bxg3 Qxc3 {#R} 0-1

[Event "It (open)"]
[Site "masterchessopen.com Mislata (Spain)"]
[Round "9"]
[White "Mascaro March Pedro (ESP)"]
[Black "Franco Ocampos Zenon (PAR)"]
[Result "0-1"]
[WhiteElo "2320"]
[BlackElo "2522"]

1.d4 Nf6 2.c4 e6 3.Nc3 Bb4 4.e3 b6 5.Ne2 Ba6 6.Ng3 Bxc3+ 7.bxc3 d5 8.Ba3 Bxc4
9.Bxc4 dxc4 10.e4 Qd7 11.O-O Nc6 12.Qe2 O-O-O 13.Qxc4 Kb7 14.Rab1 Na5 15.Qd3
Qc6 16.Be7 Rd7 17.Bxf6 gxf6 18.Nh5 f5 19.e5 Qc4 20.Qxc4 Nxc4 21.Nf6 Rdd8
22.Rbd1 h6 23.Rfe1 c5 24.f4 Kc6 25.h3 b5 26.dxc5 Kxc5 27.g4 Nb2 28.Rd7 Rxd7
29.Nxd7+ Kc6 30.Nf6 Rd8 31.gxf5 exf5 32.Re3 Rd3 33.Rxd3 Nxd3 34.Ng8 Kd5
35.Nxh6 Ke6 36.h4 Nxf4 37.Kf2 Nd3+ 38.Ke3 Nxe5 39.Kf4 Ng6+ 40.Kg5 Ne7 41.a3 a6
42.h5 a5 {#R} 0-1

[Event "Zt"]
[Site "masterchessopen.com Montreal (Canada)"]
[Round "1"]
[White "Lesiege Alexandre (CAN)"]
[Black "Gurevich Artjom (CAN)"]
[Result "1-0"]
[WhiteElo "2588"]
[BlackElo "2196"]

1.d4 Nf6 2.c4 e6 3.Nc3 Bb4 4.e3 b6 5.Ne2 Ba6 6.a3 Bxc3+ 7.Nxc3 d5 8.b3 O-O
9.Be2 Nc6 10.a4 Nb4 11.O-O c5 12.Bb2 Qe7 13.dxc5 bxc5 14.cxd5 Bxe2 15.d6 Bxd1
16.dxe7 Rfe8 17.Rfxd1 Rxe7 18.Nb5 a6 19.Nd6 Ne8 20.Rac1 Nxd6 21.Rxd6 Rb7
22.Rxc5 h6 23.h3 Na2 24.Rd3 f6 25.Ba3 e5 26.Rd2 Nb4 27.e4 Re8 28.Rc4 Reb8
29.a5 Kf7 30.Rd6 Kg6 31.f3 h5 32.Bxb4 Rxb4 33.Rxb4 Rxb4 34.Rb6 {#r} 1-0

[Event "Ch Norway (open)"]
[Site "masterchessopen.com Oslo (Norway)"]
[Round "7"]
[White "Johannessen Leif Erlend (NOR)"]
[Black "Brynell Stellan (SWE)"]
[Result "1-0"]
[WhiteElo "2429"]
[BlackElo "2506"]

1.d4 Nf6 2.c4 e6 3.Nc3 Bb4 4.e3 b6 5.Ne2 Ba6 6.Qa4 c5 7.a3 Bxc3+ 8.Nxc3 O-O
9.d5 exd5 10.cxd5 Bxf1 11.Kxf1 d6 12.f3 Nbd7 13.e4 a6 14.g3 Ne5 15.Kg2 Nfd7
16.Qc2 c4 17.Be3 Nc5 18.Bxc5 bxc5 19.f4 Nd3 20.b3 Rb8 21.Rab1 Qf6 22.Ne2 Rfe8
23.Qxc4 Nb4 24.Rhe1 g5 25.axb4 Rxb4 26.Qc3 Qe7 27.e5 Qb7 28.Qf3 dxe5 29.fxg5
c4 30.Nd4 cxb3 31.Rxb3 Rxb3 32.Qxb3 Qe7 33.Qe3 Qd6 34.Qe4 Qb4 35.Nc6 Qd2+
36.Re2 Qxg5 37.d6 f5 38.Qd5+ Kh8 39.d7 {#r} 1-0